ბათუმის შოთა რუსთაველის სახელმწიფო უნივერსიტეტის ბიბლიოთეკა

ვაზის კულტურა საქართველოში / (ბიბ.ჩანაწერი № 55772)

000 -ლიდერი
ფიქსირებული სიგრძის საკონტროლო ველი 00999nam a2200253Ia 4500
001 - საკონტროლო ნომერი
საკონტროლო ველი 22869
003 - საკონტროლო ნომრის იდენტიფიკატორი
საკონტროლო ველი GE_BSU
005 - ბოლო ოპერაციის თარიღი და დრო
საკონტროლო ველი 20230529112547.0
008 - ფიქსირებული სიგრძის მონაცემთა ელემენტები - ზოგადი ინფორმაცია
ფიქსირებული სიგრძის საკონტროლო ველი 181216s ||||ge |||||||||||||| ||geo||
020 ## - წიგნის საერთაშორისო სტანდარტული ნომერი
International Standard Book Number 9789941954184
040 ## - კატალოგიზაციის წყარო
Transcribing agency GE_BSU
041 ## - ენის კოდი
Language code of text/sound track or separate title geo
080 ## - უნივერსალური ათობითი კლასიფიკაციის ინდექსი
Universal Decimal Classification number 634.8 მ-70
100 ## - მთავარი ჩანაწერი - პიროვნების სახელი
Personal name მირველაშვილი, მ.
9 (RLIN) 18250
245 ## - ცნობა სათაურის შესახებ
Title ვაზის კულტურა საქართველოში /
Statement of responsibility, etc მ. მირველაშვილი, დ. მაღრაძე ; რედ. ლ. ბერიაშვილი.
264 ## - წარმოების, გამოცემის, დისტრიბუციის და სხვა ცნობები
გამოცემის, წარმოების, დისტრიბუციის... ადგილი თბილისი :
გამოცემის, წარმოების, დისტრიბუციის... სახელწოდება [?],
გამოცემის, წარმოების, დისტრიბუციის... თარიღი 2017.
300 ## - ფიზიკური აღწერა
Extent 216 გვ. ;
Dimensions 24 სმ.
653 ## - INDEX TERM--UNCONTROLLED
Uncontrolled term ვაზის კულტურა საქართველოში
653 ## - INDEX TERM--UNCONTROLLED
Uncontrolled term მევენახეობა
700 ## - ADDED ENTRY--PERSONAL NAME
Personal name მაღრაძე, დ.
Relator term ავტორი
9 (RLIN) 18251
700 ## - ADDED ENTRY--PERSONAL NAME
Personal name ბერიაშვილი, ლ.
Relator term რედაქტორი
9 (RLIN) 18252
942 ## - ADDED ENTRY ELEMENTS (KOHA)
Koha item type წიგნი
Source of classification or shelving scheme
ეგზემპლარები
ჩამოწერის სტატუსი დაკარგული ეგზემპლარის სტატუსი კლასიფიკაციის წყარო ან თაროზე გაწყობის სქემა დაზიანების სტატუსი არ გაიცემა მუდმივი მდებარეობა (დაცვის ადგილი) ამჟამინდელი ადგილსამყოფელი თაროზე განთავსების ადგილი შეძენის თარიღი ღირებულება, შესყიდვის ნორმალური ფასი სრული შენახვის შიფრი შტრიხკოდი ბოლო ოპერაციის თარიღი ეგზემპლარის მიმდევრობითი ნომერი (კეტერი?) ფასის ძალაში შესვლის თარიღი ეგზემპლარის სახეობა საჯარო შენიშვნა
          ბათუმის შოთა რუსთაველის სახელმწიფო უნივერსიტეტის მთავარი ბიბლიოთეკა ბათუმის შოთა რუსთაველის სახელმწიფო უნივერსიტეტის მთავარი ბიბლიოთეკა წიგნსაცავი 2018-12-17 2.00 634.8 მ-70 58330 2018-12-17 58330 2018-12-17 წიგნი 2.00 ₾.